América Latina frente a China en el neoliberalismo global /

Salvato in:
Dettagli Bibliografici
Autore principale: Fernández Jilberto, Alex E.
Altri autori: Hogenboom, Barbara
Natura: testo
Soggetti:
Tags: Aggiungi Tag
Nessun Tag, puoi essere il primo ad aggiungerne!!

MARC

LEADER 00000 a a2200000 04500
001 16286
003
040
100 |a Fernández Jilberto, Alex E.  
245 |a América Latina frente a China en el neoliberalismo global /  |c Alex E. Fernández Jilberto ; Barbara Hogenboom 
650 |a COMERCIO EXTERIOR  
650 |a RELACIONES ECONOMICAS  
650 |a GLOBALIZACION  
650 |a INTERCAMBIO COMERCIAL  
650 |a INVERSIONES  
650 |a INVERSIONES INTERNACIONALES  
650 |a AMERICA LATINA  
650 |a CHINA  
650 |a CARIBE  
700 |a Hogenboom, Barbara  
773 |g número 80; páginas 73-81  
999 |c 37840  |d 37840